000 00729nam a2200265Ia 4500
005 20260121170736.0
008 008 260114s9999 xx 000 0 eng d
020 _a9783319992532
037 _aEBOOK
040 _aCRL
040 _beng
040 _cCRL
041 _2eng
041 _aeng
084 _qCRL
100 _aAnne Auger, Carlos M. Fonseca, Nuno Lourenço, Penousal Machado, Luís Paquete, Darrell Whitley
_91067598
245 0 _aParallel Problem Solving from Nature – PPSN XV
260 _bSpringer
260 _bSpringer
260 _c2018
856 _uhttps://link.springer.com/openurl?genre=book&isbn=978-3-319-99253-2
942 _cEBOOK
999 _c1633328
_d1633328